Supergene processes in the copper mineralization at the Kraljičin Zdenac on the Medvednica Mt.
Elmentve itt :
| Szerzők: | |
|---|---|
| Testületi szerző: | |
| Dokumentumtípus: | Cikk |
| Megjelent: |
Department of Mineralogy, Geochemistry and Petrology, University of Szeged
Szeged
2014
|
| Sorozat: | Acta mineralogica-petrographica
8 Acta mineralogica-petrographica : abstract series 8 |
| Kulcsszavak: | Mineralizáció - előadáskivonat, Ásványtan - előadáskivonat |
| Tárgyszavak: | |
| Online Access: | http://acta.bibl.u-szeged.hu/44263 |
| LEADER | 01176nab a2200265 i 4500 | ||
|---|---|---|---|
| 001 | acta44263 | ||
| 005 | 20260212142156.0 | ||
| 008 | 170327s2014 hu o 000 eng d | ||
| 022 | |a 0324-6523, 1589-4835 | ||
| 040 | |a SZTE Egyetemi Kiadványok Repozitórium |b hun | ||
| 041 | |a eng | ||
| 100 | 1 | |a Šmajgl Danijela | |
| 245 | 1 | 0 | |a Supergene processes in the copper mineralization at the Kraljičin Zdenac on the Medvednica Mt. |h [elektronikus dokumentum] / |c Šmajgl Danijela |
| 260 | |a Department of Mineralogy, Geochemistry and Petrology, University of Szeged |b Szeged |c 2014 | ||
| 300 | |a 116 | ||
| 490 | 0 | |a Acta mineralogica-petrographica |v 8 | |
| 490 | 0 | |a Acta mineralogica-petrographica : abstract series |v 8 | |
| 650 | 4 | |a Természettudományok | |
| 650 | 4 | |a Föld- és kapcsolódó környezettudományok | |
| 695 | |a Mineralizáció - előadáskivonat, Ásványtan - előadáskivonat | ||
| 700 | 0 | 1 | |a Palinkaš Ladislav A. |e aut |
| 700 | 0 | 1 | |a Mavrić Danijela |e aut |
| 700 | 0 | 1 | |a Bermanec Vladimir |e aut |
| 710 | |a International Students Geological Conference (5.) (2014) (Budapest) | ||
| 856 | 4 | 0 | |u http://acta.bibl.u-szeged.hu/44263/1/mineralogica_as_008_116.pdf |z Dokumentum-elérés |